Joseph Cundall, a Victorian publisher : notes on his life and a check-list of his books /

Bibliographic Details
Main Author: McLean, Ruari
Format: Book
Language:English
Published: Pinner : Private Libraries Association, 1976.
Subjects:

MARC

Tag First Indicator Second Indicator Subfields
LEADER 00000cam a2200000Ei 4500
001 in00000335321
005 20151011055017.0
008 770602s1976 enkachj 00110beng
010 |a  77362190  
015 |a GB77-07037 
015 |a GB*** 
020 |a 0900002131 :  |c 8.00 
035 |a (OCoLC)02845407 
035 |9 ABM1922AM 
040 |a DLC  |c DLC  |d TXA  |d UtOrBLW 
043 |a e-uk-en 
049 |a TXAS  |c [1096625] 
050 0 0 |a Z325.C85  |b M3 
082 0 |a 070.5/092/4  |a B 
100 1 |a McLean, Ruari. 
245 1 0 |a Joseph Cundall, a Victorian publisher :  |b notes on his life and a check-list of his books /  |c by Ruari McLean. 
264 1 |a Pinner :  |b Private Libraries Association,  |c 1976. 
300 |a viii, 96 pages :  |b illustrations (some color), facsimiles, genealogical table, portraits ;  |c 28 cm. 
336 |a text  |b txt  |2 rdacontent 
337 |a unmediated  |b n  |2 rdamedia 
338 |a volume  |b nc  |2 rdacarrier 
500 |a Includes index. 
600 1 0 |a Cundall, Joseph,  |d 1818-1895. 
650 0 |a Publishers and publishing  |z England  |z London  |x Biography. 
651 0 |a London (England)  |v Biography. 
999 |a MARS 
999 f f |s 3655433c-79f9-3d69-8f84-8f3ec7aeedf2  |i 9146e02f-b68b-3fee-86a4-f302e4ec81c7  |t 0 
952 f f |p noncirc  |a Texas A&M University  |b College Station  |c Cushing Memorial Library & Archives  |d Cushing: Childrens' Books (Does not check out)  |t 0  |e Z325.C85 M3  |h Library of Congress classification  |i unmediated -- volume  |m A14800483556 
952 f f |p noncirc  |a Texas A&M University  |b College Station  |c Cushing Memorial Library & Archives  |d Cushing: Kelsey Americana (Does not check out)  |t 0  |e Z325.C85 M3  |h Library of Congress classification  |i unmediated -- volume 
998 f f |a Z325.C85 M3  |t 0  |l Cushing: Childrens' Books (Does not check out) 
998 f f |a Z325.C85 M3  |t 0  |l Cushing: Kelsey Americana (Does not check out)